BeatCity Japan 2025 (Beatbox) - Statistics

General Stats
  • This quiz has been taken 10 times
  • The average score is 23 of 51
Answer Stats
Hint Answer % Correct
Champion PACMax ๐Ÿ‡ซ๐Ÿ‡ท
86%
Eliminated CJ ๐Ÿ‡ฎ๐Ÿ‡ท
71%
CJ ๐Ÿ‡ฎ๐Ÿ‡ท
71%
Judges Colaps ๐Ÿ‡ซ๐Ÿ‡ท๐Ÿ‡จ๐Ÿ‡ด
71%
Judges Colaps ๐Ÿ‡ซ๐Ÿ‡ท๐Ÿ‡จ๐Ÿ‡ด
71%
Judges Colaps ๐Ÿ‡ซ๐Ÿ‡ท๐Ÿ‡จ๐Ÿ‡ด
71%
Judges Colaps ๐Ÿ‡ซ๐Ÿ‡ท๐Ÿ‡จ๐Ÿ‡ด
71%
Vice Champion Duncan ๐Ÿ‡ญ๐Ÿ‡ฐ
71%
Champions Future Monster ๐Ÿ‡ฎ๐Ÿ‡ท
71%
KARA ๐Ÿ‡ฎ๐Ÿ‡ท
71%
Champion MAHIRO ๐Ÿ‡ฏ๐Ÿ‡ต
71%
stan ๐Ÿ‡ง๐Ÿ‡ช
71%
Top 4 Fruit Baskets ๐Ÿ‡ฏ๐Ÿ‡ต
57%
Eliminated H-has ๐Ÿ‡ฐ๐Ÿ‡ท
57%
Top 4 Lennard ๐Ÿ‡ฉ๐Ÿ‡ช
57%
Top 8 Neon ๐Ÿ‡ฏ๐Ÿ‡ต๐Ÿ‡ง๐Ÿ‡ท
57%
Raje ๐Ÿ‡ฎ๐Ÿ‡ณ
57%
SO-SO ๐Ÿ‡ฏ๐Ÿ‡ต
57%
Top 4 Yamasou ๐Ÿ‡ฏ๐Ÿ‡ต
57%
Yaswede ๐Ÿ‡ง๐Ÿ‡ช
57%
Judges Zhang Ze ๐Ÿ‡จ๐Ÿ‡ณ
57%
Top 4 Ansh ๐Ÿ‡ฏ๐Ÿ‡ต
43%
Bly Crepsley ๐Ÿ‡ฏ๐Ÿ‡ต
43%
Eliminated Bookie Blanco ๐Ÿ‡ซ๐Ÿ‡ท
43%
Vice Champions Bulg ๐Ÿ‡ง๐Ÿ‡ช
43%
Dharni ๐Ÿ‡ธ๐Ÿ‡ฌ
43%
John-T ๐Ÿ‡ฏ๐Ÿ‡ต
43%
John-T ๐Ÿ‡ฏ๐Ÿ‡ต
43%
John-T ๐Ÿ‡ฏ๐Ÿ‡ต
43%
Top 8 momimaru ๐Ÿ‡ฏ๐Ÿ‡ต
43%
Top 8 NERO ๐Ÿ‡ฏ๐Ÿ‡ต
43%
Top 8 Reach ๐Ÿ‡ฏ๐Ÿ‡ต๐Ÿ‡ฆ๐Ÿ‡บ
43%
Vice Champion RUSY ๐Ÿ‡ฏ๐Ÿ‡ต
43%
Top 4 Silver God Accessories - Double Flash III - / Black Destroyer X ๐Ÿ‡ฏ๐Ÿ‡ต
43%
Eliminated Stitch ๐Ÿ‡ฒ๐Ÿ‡พ
43%
Top 4 TKM ๐Ÿ‡ฏ๐Ÿ‡ต
43%
YAMORI ๐Ÿ‡ฏ๐Ÿ‡ต
43%
Alem ๐Ÿ‡ซ๐Ÿ‡ท
29%
Pepouni ๐Ÿ‡จ๐Ÿ‡ญ
29%
Pepouni ๐Ÿ‡จ๐Ÿ‡ญ
29%
Shinyaaa ๐Ÿ‡ฏ๐Ÿ‡ต
29%
Champion SouShi ๐Ÿ‡ฏ๐Ÿ‡ต
29%
Waddle ๐Ÿ‡ฏ๐Ÿ‡ต
29%
Vice Champion Hiwaka ๐Ÿ‡ฏ๐Ÿ‡ต
14%
Top 4 ituki ๐Ÿ‡ฏ๐Ÿ‡ต
14%
Top 4 Swing ๐Ÿ‡ฏ๐Ÿ‡ต
14%
Vice Champion U ๐Ÿ‡ฏ๐Ÿ‡ต
14%
Champion coufuku ๐Ÿ‡ฏ๐Ÿ‡ต
0%
KATOKO ๐Ÿ‡ฏ๐Ÿ‡ต
0%
Top 4 Ousei ๐Ÿ‡ฏ๐Ÿ‡ต
0%
Top 4 SORAN ๐Ÿ‡ฏ๐Ÿ‡ต
0%
No matching quizzes found
Score Distribution
Percent of People with Each Score
Percentile by Number Answered
Your Score History
You have not taken this quiz